| 000 | nam a22 a 4500 | ||
|---|---|---|---|
| 999 |
_c210 _d210 |
||
| 003 | AKMAL | ||
| 005 | 20170426144715.0 | ||
| 008 | 170426s1992 my f00 may d | ||
| 020 |
_a9679933156 (kkt.): _cRm 5.00 |
||
| 040 | _aAKMAL | ||
| 082 | 0 | 4 | _a172.209595 TON |
| 090 |
_a172.209595 _bTON |
||
| 245 | 0 | 0 | _aTonggak dua belas = (twelve pillars) |
| 260 |
_aKuala Lumpur : _bInstitut Tadbiran Awam Negara, _c1992 |
||
| 300 |
_axviii, 63ms. ; _c21cm |
||
| 500 | _aJudul kulit: Tonggak dua belas: penerapan nilai, norma dan etika perkhidmatan | ||
| 521 | _aPeringkat pembaca: Dewasa | ||
| 650 |
_aCivil service ethics _zMalaysia _9416 |
||
| 650 |
_aCivil service _zMalaysia _9420 |
||
| 710 | 2 |
_aInstitut Tadbiran Awam Negara _9410 |
|
| 740 | 2 | _aThe twelve pillars | |
| 942 |
_2ddc _cBOOK |
||